Shadow of the wolf

Bibliographic Details
Main Author: Withmore,Andrew
Format: Book
Published: Australia : Rigby heinemann , 2001
Subjects:

MARC

LEADER 00000cam a2200000 7i4500
001 0000080791
005 20180923.0
008 180923
020 |a 0582463742 
090 0 0 |a JF   |b ENG 
100 0 |a Withmore,Andrew 
245 1 0 |a Shadow of the wolf   |c Andew Withmore 
260 |a Australia :   |b Rigby heinemann ,   |c 2001 
500 |a Children ages 7-9 years old (orange) 
650 0 |a Junior Fiction 
999 |a 0000005500   |b Book   |c Children Collection   |e Cawangan Taman Universiti